Gaming Quiz

Random Gaming or Logic Quiz

17x9 Mosaic Logic Puzzle III Quiz Stats

 Plays Quiz not verified by Sporcle

Challenge
Share
Tweet
Score 0/37 Timer 05:00
1 Play Today
% Correct
???
89%
???
88.9%
???
88.7%
???
88.5%
???
88.1%
???
88%
???
87.4%
???
87%
???
87%
???
86.9%
???
86.9%
???
86.8%
???
86.7%
???
86.5%
???
86.4%
???
86.4%
???
86%
???
85.9%
???
85.7%
% Correct
???
85.6%
???
85.4%
???
84.8%
???
83.9%
???
82.7%
???
82.2%
???
81.7%
???
81.2%
???
80.9%
???
80.8%
???
80.8%
???
80.7%
???
80.5%
???
80.2%
???
77.6%
???
77.2%
???
76.9%
???
76.8%

You're not logged in!

Compare scores with friends on all Sporcle quizzes.
Join for Free
OR
Log In

You Might Also Like...

Show Comments

Extras

Top Quizzes Today


Score Distribution

Your Account Isn't Verified!

In order to create a playlist on Sporcle, you need to verify the email address you used during registration. Go to your Sporcle Settings to finish the process.

Report this User

Report this user for behavior that violates our Community Guidelines.

Details: